LDR 00531naa#a2200157#i#450# 001 EN\INFRA-M\bibl\14593 005 20260425093147.6 100 ## _a20250114b2025####ek#y0engy0150####ca 102 ## _aRU 200 1# _aARTIFICIAL INTELLIGENCE IN THE ORGANIZATION OF RAILWAY-SEA TRANSPORTATION _eConference article/thesis 210 1# _aMoscow _cINFRA-M Academic Publishing LLC. _d2025 215 ## _a5 с. 608 ## _aConference article/thesis _2local 700 #1 _aMamaev _gEnver Agapashaevich 700 #1 _aChebotareva _gEvgeniya Andreevna 856 4# _anaukaru.ru _u